000 00704nam a2200229 a 4500
001 63242
003 BD-RjUL
005 20211209081155.0
008 170129s1942 enk 001 0 eng d
035 _a(BD-RjUL)63371
040 _aANL
_beng
_cANL
_dBD-RjUL
041 _aeng
082 _a810.4
_223
_bGOA 1942
100 1 _aGordon, George Stuart
_9188230
245 1 0 _aAnglo-American literary relations /
_cby George Stuart Gordon
260 _aLondon :
_bOxford University Press,
_c1942.
300 _a119 p. ;
_c20 cm.
500 _aInclude index.
650 0 _aAmerican literature.
_vHistory and criticism.
_9188231
651 0 _aUnited States
_xRelations
_zGreat Britain.
_9185342
942 _2ddc
_cBK
999 _c63242
_d63242